000 00903nam a22002417a 4500
003 UA-OsUOA
001 29672
007 ta
008 20041022b un ||||| |||| 00| 0 ukr d
100 _aФролова К. П.
090 _a82.09(477)
_bФ82
942 _cBK
040 _aUA-OsUOA
_brus
_cUA-OsUOA
_dUA-OsUOA
245 _aРазвитие форм художественного отражения действительности в украинской советской лирике
_bАвтореферат диссертации на соискание ученой степени доктора филологических наук
300 _a68 с.
955 _a0
041 _arus
080 _a82.09(477)
260 _aКиев
_bАН УССР Институт литературы им. Т. Г. Шевченко
_c1971
044 _aUA
650 7 _2UDC
999 _c316067
_d316067